Law, religion, and health in the United States
While the law can create conflict between religion and health, it can also facilitate religious accommodation and protection of conscience. Finding this balance is critical to addressing the most pressing questions at the intersection of law, religion, and health in the United States: should physici...
MARC
| LEADER | 00000cam a22000002c 4500 | ||
|---|---|---|---|
| 001 | 1005310351 | ||
| 003 | DE-627 | ||
| 005 | 20260224220047.0 | ||
| 007 | cr uuu---uuuuu | ||
| 008 | 170920s2017 xxk|||||o 00| ||eng c | ||
| 020 | |a 9781316691274 |q : ebook | ||
| 024 | 7 | |a 10.1017/9781316691274 |2 doi | |
| 035 | |a (DE-627)1005310351 | ||
| 035 | |a (DE-599)GBV1005310351 | ||
| 035 | |a (OCoLC)1004341499 | ||
| 035 | |a (CUP)CR9781316691274 | ||
| 035 | |a (DE-627-1)051622807 | ||
| 040 | |a DE-627 |b ger |c DE-627 |e rda | ||
| 041 | |a eng | ||
| 044 | |c XA-GB | ||
| 050 | 0 | |a KF4783 | |
| 082 | 0 | |a 342.7308/52 |q LOC |2 23 | |
| 084 | |a 0 |2 ssgn | ||
| 084 | |a PL 732 |q SEPA |2 rvk |0 (DE-625)rvk/137268: | ||
| 245 | 0 | 0 | |a Law, religion, and health in the United States |c edited by Holly Fernandez Lynch, I. Glenn Cohen, Elizabeth Sepper |
| 246 | 3 | 3 | |a Law, Religion, & Health in the United States |
| 264 | 1 | |a Cambridge |b Cambridge University Press |c 2017 | |
| 300 | |a 1 Online-Ressource (xxi, 427 pages) |b digital, PDF file(s) | ||
| 336 | |a Text |b txt |2 rdacontent | ||
| 337 | |a Computermedien |b c |2 rdamedia | ||
| 338 | |a Online-Ressource |b cr |2 rdacarrier | ||
| 500 | |a Title from publisher's bibliographic system (viewed on 17 Jul 2017) | ||
| 520 | |a While the law can create conflict between religion and health, it can also facilitate religious accommodation and protection of conscience. Finding this balance is critical to addressing the most pressing questions at the intersection of law, religion, and health in the United States: should physicians be required to disclose their religious beliefs to patients? How should we think about institutional conscience in the health care setting? How should health care providers deal with families with religious objections to withdrawing treatment? In this timely book, experts from a variety of perspectives and disciplines offer insight on these and other pressing questions, describing what the public discourse gets right and wrong, how policymakers might respond, and what potential conflicts may arise in the future. It should be read by academics, policymakers, and anyone else - patient or physician, secular or devout - interested in how US law interacts with health care and religion | ||
| 520 | |a Machine generated contents note: Part I. Testing the Scope of Legal Protections for Religion in the Health Care Context: 1. Religious liberty, health care, and the culture wars Douglas Laycock; 2. From Smith to Hobby Lobby: the transformation of the religious freedom restoration act Diane L. Moore and Eric M. Stephen; 3. The HHS Mandate Litigation and religious health care providers Adele Keim; 4. Not your father's religious exemptions: the contraceptive-coverage litigation and the rights of others Gregory M. Lipper; 5. Recent applications of the Supreme Court's hands-off approach to religious doctrine: from Hosanna-Tabor and Holt to Hobby Lobby and Zubik Samuel J. Levine; Part II. Law, Religion, and Health Care Institutions: Introduction Christine Mitchell; 6. A corporation's exercise of religion: a practitioner's experience Melanie Di Pietro; 7. The natural person as the limiting principle for conscience: can a corporation have a conscience if it doesn't have an intellect and will? Ryan Meade; 8. Contracting religion Elizabeth Sepper; 9. Mission integrity matters: balancing catholic health care values and public mandates David M. Craig; Part III. Law, Religion, and Health Insurance: Introduction Marc A. Rodwin; 10. Religious exemptions to the individual mandate: health care sharing miniseries and the Affordable Care Act Rachel E. Sachs; 11. Bosses in the bedroom: religious employers and the future of employer-sponsored health care Holly Fernandez Lynch and Gregory Curfman; Part IV. Professional Responsibilities, Religion, and Health Care: Introduction Holly Fernandez Lynch; 12. Religious outliers: professional knowledge communities, individual conscience claims, and the availability of professional services to the public Claudia E. Haupt; 13. A common law duty to disclose conscience-based limitations on medical practice Nadia N. Sawicki; Part V. The Impact of Religious Objections on the Health and Health Care of Others: Introduction Richard H. Fallon Jr; 14. Conscientious objection, complicity, and accommodation Amy J. Sepinwall; 15. How much may religious accommodations burden others? Nelson Tebbe, Micah Schwatzman and Richard Schragger; 16. 'A patchwork array of theocratic fiefdoms?' RFRA claims against ACA's contraception mandate Mary Anne Case; 17. Unpacking the relationship between conscience and access Robin Fretwell Wilson; Part VI. A Case Study - Religious Beliefs and the Health of the LGBT Community: Introduction Noa Ben-Asher; 18. Religious convictions about homosexuality and the training of counseling professionals: how should we treat religious-based opposition to counseling about same-sex relationships? Susan Stabile; 19. Reclaiming biopolitics: religion and psychiatry in the sexual orientation change therapy cases and the establishment clause defense Craig Konnoth; Part VII. Accounting for Patients' Religious Beliefs: Introduction Robert D. Truog; 20. Brain death rejected: expanding legal duties to accommodate religious objections Thaddeus Mason Pope; 21. Accommodating miracles: medical futility and religious free exercise Teneille R. Brown; 22. Putting the insanity defense on trial: understanding criminality in the context of religion and mental illness Abbas Rattani and Jemen Amin Derbali; 23. Religion as a controlling interference in medical decision-making by minors Jonathan F. Will; Part VIII. Religion and Reproductive Health Care: Introduction Mindy Jane Roseman; 24. Regulating reasons: governmental regulation of private deliberation in reproductive decision-making B. Jessie Hill; 25. Religion and reproductive technology I. Glenn Cohen; 26. Religion and the unborn under the first amendment Dov Fox | ||
| 601 | |a Religion | ||
| 610 | 1 | 0 | |a Catholic Church |z United States |x Doctrines |
| 650 | 0 | |a Freedom Of Religion |z United States | |
| 650 | 0 | |a Medicine |x Religious aspects | |
| 650 | 0 | |a Religious health facilities |z United States | |
| 650 | 0 | |a Christian Ethics |z United States | |
| 650 | 0 | |a Health Care Reform |z United States | |
| 650 | 0 | 7 | |0 (DE-588)4125186-6 |0 (DE-627)105742090 |0 (DE-576)209574488 |a Religionsfreiheit |2 gnd |
| 650 | 0 | 7 | |0 (DE-588)4113743-7 |0 (DE-627)105827177 |0 (DE-576)209478977 |a Gesundheitspolitik |2 gnd |
| 650 | 0 | 7 | |0 (DE-588)4015602-3 |0 (DE-627)106335987 |0 (DE-576)208912614 |a Ethik |2 gnd |
| 650 | 4 | |a Catholic Church ; United States ; Doctrines | |
| 650 | 4 | |a Freedom of religion ; United States | |
| 650 | 4 | |a Health Care Reform ; United States | |
| 650 | 4 | |a Christian ethics ; United States | |
| 650 | 4 | |a Religious health facilities ; United States | |
| 650 | 4 | |a Medicine ; Religious aspects | |
| 651 | 7 | |0 (DE-588)4078704-7 |0 (DE-627)106076612 |0 (DE-576)209209682 |a Usa |2 gnd | |
| 700 | 1 | |8 1\p |e HerausgeberIn |0 (DE-588)1141322196 |0 (DE-627)1000080307 |0 (DE-576)494342854 |4 edt |a Sepper, Elizabeth | |
| 700 | 1 | |8 2\p |e HerausgeberIn |0 (DE-588)1036099555 |0 (DE-627)749654147 |0 (DE-576)383620929 |4 edt |a Lynch, Holly Fernandez | |
| 700 | 1 | |8 3\p |e HerausgeberIn |0 (DE-588)1035815990 |0 (DE-627)749605324 |0 (DE-576)383573238 |4 edt |a Cohen, I. Glenn |d 1978- | |
| 776 | 1 | |z 9781107164888 |c : hardback | |
| 776 | 1 | |z 9781316616543 |c : paperback | |
| 776 | 0 | 8 | |i Print version |z 9781107164888 |
| 776 | 0 | 8 | |i Erscheint auch als |n Druck-Ausgabe |t Law, religion, and health in the United States |d Cambridge : Cambridge University Press, 2017 |h xxi, 427 Seiten |w (DE-627)1626256276 |w (DE-576)490095534 |z 9781107164888 |z 9781316616543 |z 1107164885 |z 1316616541 |k Non-Electronic |
| 856 | 4 | 0 | |u https://doi.org/10.1017/9781316691274 |m X:CUP |x Resolving-System |z lizenzpflichtig |3 Volltext |7 1 |
| 883 | |8 1\p |a cgwrk |d 20241001 |q DE-101 |u https://d-nb.info/provenance/plan#cgwrk | ||
| 883 | |8 2\p |a cgwrk |d 20241001 |q DE-101 |u https://d-nb.info/provenance/plan#cgwrk | ||
| 883 | |8 3\p |a cgwrk |d 20241001 |q DE-101 |u https://d-nb.info/provenance/plan#cgwrk | ||
| 912 | |a ZDB-20-CBO | ||
| 912 | |a ZDB-20-CHS | ||
| 912 | |a ZDB-20-CBL | ||
| 936 | r | v | |a PL 732 |b Grundrechte |k Rechtswissenschaft |k Staatsrecht und Verfassungsgeschichte |k Ausländisches Staats- und Verfassungsrecht |k USA und Kanada |k Grundrechte |0 (DE-627)1271298201 |0 (DE-625)rvk/137268: |0 (DE-576)201298201 |
| 936 | s | n | |a p100 |2 mzub |
| 951 | |a BO | ||
| CAN | |a 1 | ||
| ELC | |a 1 | ||
| ITA | |a 1 |t 1 | ||
| LOK | |0 000 xxxxxcx a22 zn 4500 | ||
| LOK | |0 001 4446981900 | ||
| LOK | |0 003 DE-627 | ||
| LOK | |0 004 1005310351 | ||
| LOK | |0 005 20240103203203 | ||
| LOK | |0 008 240103||||||||||||||||ger||||||| | ||
| LOK | |0 040 |a DE-21 |c DE-627 |d DE-21 | ||
| LOK | |0 092 |o k |p p | ||
| LOK | |0 689 |a s |a eBook-Cambridge-Gesamt-EBA-2024 | ||
| LOK | |0 852 |a DE-21 | ||
| LOK | |0 852 1 |9 00 | ||
| LOK | |0 85640 |u https://doi.org/10.1017/9781316691274 |z Zugang für die Universität Tübingen | ||
| LOK | |0 912 |a ZDB-20-CBO | ||
| LOK | |0 935 |a ebok |a lbok | ||
| LOK | |0 939 |a 03-01-24 |b l01 | ||
| ORI | |a TA-MARC-ixtheoa001.raw | ||
| REF | |a Religiöse Ethik | ||
| REL | |a 1 | ||
| STA | 0 | 0 | |a Ethics,Ethics,Moral philosophy,Philosophical Ethics,Ethics,Health policy,Religious freedom,Freedom of religion,Religious liberty |
| STB | 0 | 0 | |a Liberté religieuse,Politique sanitaire,Éthique,Éthique,Morale,Morale,Morale |
| STC | 0 | 0 | |a Libertad de religión,Política de salud,Ética,Ética,Ética moderna |
| STD | 0 | 0 | |a Etica,Etica,Libertà di religione,Politiche sanitarie |
| STE | 0 | 0 | |a 伦理学,道德哲学,道德学,卫生政策,健康政策,医疗政策,宗教自由,信教自由 |
| STF | 0 | 0 | |a 倫理學,道德哲學,道德學,宗教自由,信教自由,衛生政策,健康政策,醫療政策 |
| STG | 0 | 0 | |a Liberdade de religião,Política de saúde,Ética,Ética |
| STH | 0 | 0 | |a Политика здравоохранения,Свобода вероисповедания,Этика (мотив),Этика |
| STI | 0 | 0 | |a Ηθική (μοτίβο),Ηθική,Θρησκευτική ελευθερία,Πολιτική υγείας |
| SUB | |a CAN |a REL | ||
| SYE | 0 | 0 | |a Religiöse Freiheit , Gesundheit , Ethics,Moral,Morality,Moralphilosophie,Tugend,Wertethik,Ethische Theorie,Moral,Philosophische Ethik,Sittenlehre,Moralphilosophie |



